=LDR 00000nam 2200000 4500 =001 INLIS000000000041735 =005 20201118091706 =035 ##$$a 0010-061300000041735 =008 201118################g##########0#ind## =041 ##$$a Ind =082 ##$$a 321.4 =090 ##$$a 321.4, Dem d.1 =245 ##$$a Demokrasi dan Kapitalisme : $b Perspektif Asia dan Amerika /$c Robert Bartley...[et.al] =260 ##$$a Jakarta :$b CIDES,$c 1994 =300 ##$$a viii, 80 hlm, ; $c 14 x 20 cm =850 ##$$a NBPNMAT =020 ##$$a 979-638-000-5 =084 ##$$a 321.4 DEM d =700 #$$a Bartey, Robert =990 ##$$a 135.739/pro-78 =990 ##$$a 98.065/Pro-1996